Flagi stanów - Statystyki

Ogólne statystyki
  • Ten quiz został rozwiązany 31 razy
  • Średni wynik to 23 z 50
Statystyki odpowiedzi
Obrazkowy Odpowiedź % Poprawnych
kalifornia
82%
teksas
82%
alabama
73%
hawaje
73%
ohio
73%
waszyngton
73%
alaska
64%
nowy meksyk
64%
arizona
55%
arkansas
55%
dakota południowa
55%
iowa
55%
kolorado
55%
wyoming
55%
dakota północna
45%
floryda
45%
georgia
45%
indiana
45%
kansas
45%
karolina południowa
45%
maine
45%
maryland
45%
nebraska
45%
nowy jork
45%
oklahoma
45%
oregon
45%
pensylwania
45%
rhode island
45%
tennesse
45%
delaware
36%
illinois
36%
karolina północna
36%
kentucky
36%
luizjana
36%
michigan
36%
minnesota
36%
missisipi
36%
missouri
36%
montana
36%
nevada
36%
new jersey
36%
wirginia
36%
wisconsin
36%
connecticut
27%
idaho
27%
new hampshire
27%
vermont
27%
zachodnia wirginia
27%
utah
18%
massachusets
9%
Nie znaleziono quizów pasujących do podanych kryteriów
Rozkład punktacji
Procent ludzi z każdym wynikiem
Percentyl według liczby udzielonych odpowiedzi
Twoja historia wyników
Nie rozwiązałeś tego quizu